Finanční statistické informace

Uložené v:
Podrobná bibliografia
Médium: Seriál
Jazyk:Czech
Vydavateľské údaje: Praha Státní banka Československá 1992
Predmet:
Tagy: Pridať tag
Žiadne tagy, Buďte prvý, kto otaguje tento záznam!

MARC

LEADER 00000nas2a2200000 4500
001 s016268
005 20041019155330.7
041 0 |a cze 
044 |a CZ 
245 1 0 |a Finanční statistické informace 
264 1 |a Praha  |b Státní banka Československá  |c 1992 
300 |a 1 zv. 
773 0 |w eu_un_cat*s120701 
610 2 0 |a financie 
610 2 0 |a štatistika